Tutela judicial del medio ambiente /

Guardado en:
Otros Autores: Berizonce, Roberto O., Pasutti, José Luis.
Formato: Libro
Idioma:Spanish
Publicado: Santa Fe : Rubinzal Culzoni, 2015.
Edición:1a. ed.
Materias:
Etiquetas: Agregar Etiqueta
Sin Etiquetas, Sea el primero en etiquetar este registro!
LEADER 00529nam a22001695a 4500
001 DER.der014144
008 190923s2015####ag#||||||||||||||#||spa||
005 20251215150248.0
245 1 0 |a Tutela judicial del medio ambiente /  |c Roberto O. Berizonce y José Luis Pasutti. 
250 |a 1a. ed. 
260 |a Santa Fe :  |b Rubinzal Culzoni,  |c 2015. 
300 |a 488 p. 
020 |a 9789873005855 
700 1 |a Berizonce, Roberto O. 
700 1 |a Pasutti, José Luis. 
650 7 |a DERECHO AMBIENTAL 
859 |a DERECHO  |b BIB. DERECHO  |h 347.05  |i TUT  |p 009384